000 00607nam a2200181 i 4500
001 55254
003 ES-MaACL
005 20250716062525.0
007 t|
008 030916s1913 fr ||||1| fre d
100 1 _aDemblon, Celestin.
_943630
245 1 0 _aLord Rutland et Shakespeare
_b: le plus grand des mystères dévoilé : Shaxper de Stratford hors cause /
_cCélestin Demblon.
260 _aParis :
_bP. Ferdinando,
_c1913 (
_eTours :
_fE. Arrault)
300 _aVIII, 560 p. ;
_c19 cm.
600 1 4 _aShakespeare, William,
_d1564-1616
_9105992
852 _aES-MaACL
_jF-8157
999 _c55254
_d55254